Datum a čas kvízu
27
Celkem bodů
Celkový počet nahraných bodů na tomto kvízu bez doplňovacích otázek.
7.
Pořadí na kvízu
Konečné umístění týmu na tomto kvízu.
Zaznamenané odpovědi
| # | Otázka | Odpověď | Body | Výsledky |
|---|---|---|---|---|
| 1. | V jedné z nejstarších leteckýc... | Aero Vodochody | 1 | |
| 2. | Ve věku 96 let zemřel minulý t... | Čína | 0 | |
| 3. | Minulý týden byla na seznam ne... | vorařství | 0 | |
| 4. | V úterý ráno detektivové z Nár... | Xixoio | 1 | |
| 5. | Jeden z favoritů mistrovství s... | Japonsko | 1 | |
| 6. | V tomto tématu se podíváme na... | 1B 2C 3A 4D | 1 | |
| 7. | V následujících slovech se na... | 1D 2A 3B 4C | 0 | |
| 8. | Podívejme se teď na místní jmé... | C | 0 | |
| 9. | V následujících slovech je vyn... | B | 0 | |
| 10. | Na závěr se podíváme na několi... | B | 1 |